Tratado de derecho hipotecario alemán : con una introducción sobre los principios generales del registro inmobiliario / con una introducción sobre los principios generales del registro inmobiliario /
Descripción Física:
XXXIX, 380 p. ; 23 cm
Materias:
Hipoteques -- Alemanya
MARC
| LEADER | 00000nam a2200000Ia 4500 | ||
|---|---|---|---|
| 001 | 742 | ||
| 008 | 160829s1929 xx 000 0 cat d | ||
| 080 | |a D-1-71 | ||
| 100 | |a Nussbaum, Arthur |9 19787 | ||
| 245 | |a Tratado de derecho hipotecario alemán : |b con una introducción sobre los principios generales del registro inmobiliario / |c Arthur Nussbaum ; traducido de la segunda ed. alemana y prólogo por W. Roces ; preliminar por Rafael Atard | ||
| 260 | |a Madrid : |b (Imp. Helénica), |c 1929 | ||
| 300 | |a XXXIX, 380 p. ; |c 23 cm | ||
| 490 | |a Biblioteca de la Revista de Derecho Privado. Serie B ; 11 | ||
| 650 | |a Hipoteques |x Alemanya |9 19788 | ||
| 700 | |a Roces, Wenceslao, tr. |9 19789 | ||
| 700 | |a Atard, Rafael |9 19790 | ||
| 901 | |a Arxiu | ||
| 942 | |n 1 | ||
| 952 | |0 0 |1 0 |4 0 |6 D171 |7 1 |9 41323 |a Arxiu |b Arxiu |d 2016-12-01 |l 0 |o D-1-71 |p 742 |r 2016-12-01 00:00:00 |w 2016-12-01 |y ARXIU | ||
| 999 | |c 43127 |d 43127 | ||